Components of teachers' mental well-being investigating its association with burnout, motivation, depression and resilience : [abstract] /

Elmentve itt :
Bibliográfiai részletek
Szerzők: Tóthpál-Halasi Orsolya
Pikó Bettina
Testületi szerző: XXI. Pedagógiai Értékelési Konferencia
Dokumentumtípus: Könyv része
Megjelent: Szegedi Tudományegyetem, Neveléstudományi Doktori Iskola Szeged 2025
Sorozat:Pedagógiai Értékelési Konferencia 21
Kulcsszavak:Pedagógiai kutatás - előadáskivonat, Kiégés - előadáskivonat
Tárgyszavak:
Online Access:http://acta.bibl.u-szeged.hu/87319
LEADER 01040naa a2200229 i 4500
001 acta87319
005 20250507153333.0
008 250507s2025 hu o 100 eng d
020 |a 978-963-688-042-2 
040 |a SZTE Egyetemi Kiadványok Repozitórium  |b hun 
041 |a eng 
100 2 |a Tóthpál-Halasi Orsolya 
245 1 0 |a Components of teachers' mental well-being  |h [elektronikus dokumentum] :  |b investigating its association with burnout, motivation, depression and resilience : [abstract] /  |c  Tóthpál-Halasi Orsolya 
260 |a Szegedi Tudományegyetem, Neveléstudományi Doktori Iskola  |b Szeged  |c 2025 
300 |a 89 
490 0 |a Pedagógiai Értékelési Konferencia  |v 21 
650 4 |a Társadalomtudományok 
650 4 |a Oktatástudomány 
695 |a Pedagógiai kutatás - előadáskivonat, Kiégés - előadáskivonat 
700 0 1 |a Pikó Bettina  |e aut 
711 |a XXI. Pedagógiai Értékelési Konferencia  |c Szeged  |d 2025. április 10-12. 
856 4 0 |u http://acta.bibl.u-szeged.hu/87319/1/pek_2025_089.pdf  |z Dokumentum-elérés